Movies Cut Off At 'S' Quiz Stats

 Plays Quiz Updated Oct 2, 2018

Challenge
Share
Tweet
Embed
Score 0/28 Timer 06:00
2 Plays Today
Cut Off at S Movie Title % Correct
HONEY, ISHRUNK THE KIDS
93.9%
FORREST GUMP
92.9%
JAILHOUSE ROCK
91.7%
DRIVING MISS DAISY
90.8%
GREAT BALLS OF FIRE
90.4%
HORRIBLE BOSSES
90.3%
AMERICAN PSYCHO
89.6%
BORN YESTERDAY
89.4%
LEAVING LAS VEGAS
86.5%
FROM RUSSIA WITH LOVE
85.8%
TOOTSIE
84.1%
ROMEO MUST DIE
80.4%
TERMS OF ENDEARMENT
78.5%
28 WEEKS LATER
77.1%
Cut Off at S Movie Title % Correct
TRAINSPOTTING
71.6%
UNDER THE TUSCAN SUN
70.5%
ONE FALSE MOVE
69.6%
HOOSIERS
68.1%
GORILLAS IN THE MIST
61.4%
GUYS AND DOLLS
61.1%
THE REMAINS OF THE DAY
58.5%
BROADCAST NEWS
56.6%
DUCKSOUP
54.3%
THE PURPLE ROSE OF CAIRO
53.9%
FIVE EASY PIECES
50.7%
THE OUTLAW JOSEY WALES
50.2%
PLAY MISTY FOR ME
48.5%
PATHS OF GLORY
28.7%

You're not logged in!

Compare scores with friends on all Sporcle quizzes.
OR
Log In

You Might Also Like...

Show Comments

Extras

Top Quizzes Today


Score Distribution

Your Account Isn't Verified!

In order to create a playlist on Sporcle, you need to verify the email address you used during registration. Go to your Sporcle Settings to finish the process.

Report this User

Report this user for behavior that violates our Community Guidelines.

Details: